[Event "South Wales New Year Open"]
[Site "Bridgend"]
[Date "2018.01.06"]
[Round "2.14"]
[White "Howells, Chris"]
[Black "Jaberansari, Daniel"]
[Result "1-0"]
[WhiteElo "1860"]
[BlackElo "1451"]
[PlyCount "73"]
[EventDate "2018.01.06"]
[EventType "swiss"]
[EventRounds "5"]
[EventCountry "WLS"]
[SourceDate "2018.01.06"]

1. d4 Nf6 2. c4 g6 3. Nc3 Bg7 4. Nf3 O-O 5. Bf4 d6 6. e3 Nfd7 7. e4 e5 8. Be3
Nc6 9. Be2 Nb6 10. h3 f5 11. dxe5 dxe5 12. Bg5 Qe8 13. c5 Nd7 14. Bc4+ Kh8 15.
Nb5 Nf6 16. Nxc7 Qe7 17. Nxa8 fxe4 18. Nd2 Qxc5 19. Rc1 Bf5 20. Nc7 Nd4 21. Ne6
Nxe6 22. Bxe6 Qb6 23. Bxf5 gxf5 24. Qb3 Qa6 25. Qc4 Qb6 26. Nb3 h6 27. Bxf6
Bxf6 28. Qc5 Qd8 29. O-O Rg8 30. f3 Qe8 31. fxe4 Qg6 32. Rc2 Qg3 33. Qc3 Qh4
34. Rxf5 b5 35. Rcf2 b4 36. Qf3 Bd8 37. Kh2 1-0

[Event "South Wales New Year Open"]
[Site "Bridgend"]
[Date "2018.01.06"]
[Round "3.1"]
[White "Blackburn, Jonathan L B"]
[Black "Young, Alan"]
[Result "1-0"]
[WhiteElo "2194"]
[BlackElo "2023"]
[PlyCount "59"]
[EventDate "2018.01.06"]
[EventType "swiss"]
[EventRounds "5"]
[EventCountry "WLS"]
[SourceDate "2018.01.06"]

1. d4 d5 2. Nf3 Nf6 3. g3 Bg4 4. Bg2 e6 5. O-O Nbd7 6. c4 c6 7. a4 Be7 8. cxd5
exd5 9. a5 Bd6 10. Qb3 Rb8 11. Nc3 O-O 12. h3 Bf5 13. Nh4 Be6 14. Qc2 Re8 15.
Nf5 Bc7 16. b4 Ne4 17. Ne3 Ndf6 18. a6 Qd6 19. Nexd5 Bxd5 20. Bf4 Qd7 21. Nxd5
Nxd5 22. Bxc7 Nxc7 23. Bxe4 Qxd4 24. Bxh7+ Kh8 25. axb7 Re6 26. Bf5 Rf6 27. Bc8
Nd5 28. Rad1 Qb6 29. Qc3 Qa6 30. b5 1-0

[Event "South Wales New Year Open"]
[Site "Bridgend"]
[Date "2018.01.06"]
[Round "3.2"]
[White "Bullen, Alex"]
[Black "Ehsandar, Peter"]
[Result "1-0"]
[WhiteElo "2098"]
[BlackElo "1987"]
[PlyCount "67"]
[EventDate "2018.01.06"]
[EventType "swiss"]
[EventRounds "5"]
[EventCountry "WLS"]
[SourceDate "2018.01.06"]

1. d4 Nf6 2. Nf3 e6 3. Bf4 Nh5 4. Bd2 Nf6 5. c4 Ne4 6. Nc3 Nxd2 7. Qxd2 d5 8.
g3 Be7 9. Bg2 c6 10. O-O Nd7 11. e4 dxc4 12. d5 Nf6 13. d6 Bf8 14. e5 Nd7 15.
Rfe1 g6 16. Qf4 Bg7 17. Nd2 O-O 18. Nxc4 Rb8 19. a4 h6 20. Qd4 b5 21. axb5 cxb5
22. Na5 Qb6 23. Qxb6 Rxb6 24. f4 f6 25. Bh3 Re8 26. Bxe6+ Rxe6 27. Nd5 fxe5 28.
Ne7+ Rxe7 29. dxe7 Kf7 30. Rac1 Ba6 31. Rc7 Rd6 32. Nc6 b4 33. fxe5 Re6 34.
Nd8+ 1-0

[Event "South Wales New Year Open"]
[Site "Bridgend"]
[Date "2018.01.06"]
[Round "3.3"]
[White "Kett, Tim"]
[Black "Stuart, Neil"]
[Result "1-0"]
[WhiteElo "2223"]
[BlackElo "1740"]
[PlyCount "93"]
[EventDate "2018.01.06"]
[EventType "swiss"]
[EventRounds "5"]
[EventCountry "WLS"]
[SourceDate "2018.01.06"]

1. d4 d5 2. Nf3 Nf6 3. c4 c6 4. e3 Bf5 5. Nc3 e6 6. Nh4 Bg6 7. Nxg6 hxg6 8. Bd2
Be7 9. Qc2 Nbd7 10. O-O-O Qc7 11. g3 O-O-O 12. Be2 e5 13. dxe5 Nxe5 14. cxd5
cxd5 15. Kb1 Kb8 16. Qa4 Nc4 17. Bc1 Qc6 18. Qxc6 bxc6 19. e4 Bc5 20. exd5 cxd5
21. Bf4+ Bd6 22. Nxd5 Nxd5 23. Bxd6+ Nxd6 24. Rxd5 Nf5 25. Rxd8+ Rxd8 26. Rd1
Nd6 27. h4 Kc7 28. Kc2 Re8 29. Bf3 Re6 30. b4 Rf6 31. Rd3 Nf5 32. Kd2 Ra6 33.
Bd5 Rf6 34. a4 Ne7 35. Bf3 Nf5 36. Kc3 Ne7 37. b5 Nf5 38. a5 Nd6 39. Kb4 Nf5
40. Rc3+ Kb8 41. Rd3 Kc7 42. Bg2 Ne7 43. f4 Re6 44. Kc5 Re2 45. b6+ axb6+ 46.
axb6+ Kb8 47. Rd8+ 1-0

[Event "South Wales New Year Open"]
[Site "Bridgend"]
[Date "2018.01.06"]
[Round "3.4"]
[White "Denham, Colin"]
[Black "Brown, Thomas"]
[Result "0-1"]
[WhiteElo "1652"]
[BlackElo "2064"]
[PlyCount "106"]
[EventDate "2018.01.06"]
[EventType "swiss"]
[EventRounds "5"]
[EventCountry "WLS"]
[SourceDate "2018.01.06"]

1. Nf3 g6 2. d4 Bg7 3. e4 d6 4. Bf4 c5 5. c3 Nf6 6. Nbd2 O-O 7. Be2 cxd4 8.
cxd4 Nc6 9. Be3 Bg4 10. Rb1 Qa5 11. d5 Bxf3 12. Bxf3 Ne5 13. O-O Nxf3+ 14. Qxf3
Nd7 15. a3 f5 16. exf5 Rxf5 17. Qe4 Re5 18. Qg4 Nf6 19. Qh3 Qxd5 20. Rfc1 Rh5
21. Qf3 Qxf3 22. Nxf3 b6 23. b4 Ng4 24. Bd2 Ne5 25. Nxe5 Bxe5 26. g3 Bd4 27.
Bc3 Bxc3 28. Rxc3 a5 29. bxa5 Rhxa5 30. Rxb6 Rxa3 31. Rc7 R3a7 32. Rc3 Rf8 33.
Rb2 d5 34. Rd3 e6 35. h4 Rd7 36. Re3 Re8 37. Re5 d4 38. Rd2 Kf7 39. f4 Rc8 40.
Kf2 h5 41. Re4 d3 42. Ke3 Rcd8 43. Re5 Kf6 44. Rc5 Ra8 45. Kf3 Ra3 46. Ke4 Rb3
47. Ke3 Ra7 48. Ke4 Ra1 49. Ke3 Re1+ 50. Kf2 Re2+ 51. Rxe2 dxe2 52. Rc2 e1=Q+
53. Kxe1 Rxg3 0-1

[Event "South Wales New Year Open"]
[Site "Bridgend"]
[Date "2018.01.06"]
[Round "3.5"]
[White "Bevan, Peter M"]
[Black "Sivarajasingam, Venetia"]
[Result "1-0"]
[WhiteElo "1951"]
[BlackElo "1731"]
[PlyCount "79"]
[EventDate "2018.01.06"]
[EventType "swiss"]
[EventRounds "5"]
[EventCountry "WLS"]
[SourceDate "2018.01.06"]

1. c4 Nf6 2. g3 e6 3. Nf3 d5 4. d4 Be7 5. Bg2 O-O 6. O-O c5 7. cxd5 exd5 8. Nc3
c4 9. Ne5 b6 10. Nxc4 Bb7 11. Ne5 Nc6 12. Nxc6 Bxc6 13. Bg5 Qd7 14. e3 Rac8 15.
Bxf6 Bxf6 16. Qh5 Rcd8 17. Rac1 g6 18. Qe2 Rfe8 19. Qd3 Bg7 20. b4 h5 21. b5
Bb7 22. h4 Bf6 23. Rc2 Qg4 24. Qd1 Qf5 25. Kh2 Qe6 26. Qf3 Qd6 27. Kg1 Bg7 28.
Rfc1 Qd7 29. a4 Bf8 30. Ne2 Bd6 31. Nf4 Bb8 32. Rc6 Bxf4 33. Qxf4 Bxc6 34. bxc6
Qd6 35. c7 Qa3 36. e4 Rc8 37. exd5 Qxa4 38. d6 Qd7 39. Bc6 Qe6 40. d7 1-0

[Event "South Wales New Year Open"]
[Site "Bridgend"]
[Date "2018.01.06"]
[Round "3.6"]
[White "Parry, Matthew"]
[Black "Pleasants, Allan J"]
[Result "1/2-1/2"]
[WhiteElo "1903"]
[BlackElo "2139"]
[PlyCount "61"]
[EventDate "2018.01.06"]
[EventType "swiss"]
[EventRounds "5"]
[EventCountry "WLS"]
[SourceDate "2018.01.06"]

1. d4 Nf6 2. c4 g6 3. Nc3 Bg7 4. e4 d6 5. f4 Nfd7 6. Nf3 c5 7. d5 Na6 8. Bd2
Nc7 9. Bd3 b5 10. cxb5 a6 11. a4 O-O 12. O-O Rb8 13. Qc2 Bb7 14. a5 axb5 15.
Nxb5 Nxb5 16. Bxb5 Bxd5 17. Qa4 Be6 18. Ng5 Bd4+ 19. Kh1 Nf6 20. Nxe6 fxe6 21.
Bc3 Nxe4 22. Bxd4 cxd4 23. Bc6 Nc5 24. Qxd4 Nb3 25. Qa4 Nxa1 26. Rxa1 Rxb2 27.
h3 d5 28. Bd7 Qb8 29. Bxe6+ Kg7 30. Qd4+ Kh6 31. Rf1 1/2-1/2

[Event "South Wales New Year Open"]
[Site "Bridgend"]
[Date "2018.01.06"]
[Round "3.7"]
[White "Ralphs, Nigel"]
[Black "Waterfield, John W"]
[Result "1/2-1/2"]
[WhiteElo "2018"]
[BlackElo "1925"]
[PlyCount "52"]
[EventDate "2018.01.06"]
[EventType "swiss"]
[EventRounds "5"]
[EventCountry "WLS"]
[SourceDate "2018.01.06"]

1. e4 c5 2. Nf3 d6 3. d4 cxd4 4. Nxd4 Nf6 5. Nc3 a6 6. Be3 Ng4 7. Bg5 h6 8. Bh4
g5 9. Bg3 Bg7 10. h3 Ne5 11. Qd2 Nbc6 12. Nf5 Bxf5 13. exf5 Nd4 14. Bxe5 Bxe5
15. Bd3 Qa5 16. Ne2 Qd5 17. Nxd4 Qxd4 18. c3 Qa4 19. Qe2 Rc8 20. O-O O-O 21. g3
Bf6 22. Rfe1 Rc5 23. Qh5 Kg7 24. Re4 Qe8 25. Rae1 Re5 26. Rxe5 Bxe5 1/2-1/2

[Event "South Wales New Year Open"]
[Site "Bridgend"]
[Date "2018.01.06"]
[Round "3.8"]
[White "Howells, Chris"]
[Black "Van Kemenade, Rudy"]
[Result "0-1"]
[WhiteElo "1860"]
[BlackElo "1969"]
[PlyCount "64"]
[EventDate "2018.01.06"]
[EventType "swiss"]
[EventRounds "5"]
[EventCountry "WLS"]
[SourceDate "2018.01.06"]

1. d4 Nf6 2. c4 e5 3. dxe5 Ng4 4. Bf4 g5 5. Bg3 Bg7 6. Nf3 Nc6 7. e3 Ngxe5 8.
Nc3 d6 9. Be2 Be6 10. Nxe5 Nxe5 11. Qb3 O-O 12. O-O f5 13. f3 f4 14. exf4 gxf4
15. Be1 b6 16. Rd1 c6 17. Qb4 c5 18. Qb3 Nc6 19. Ne4 Nd4 20. Qd3 Kh8 21. Rd2 d5
22. cxd5 Qxd5 23. Nc3 Qg5 24. Kh1 Rad8 25. Ne4 Qe7 26. Qb1 Nxe2 27. Rxe2 Bc4
28. Rff2 Bxe2 29. Rxe2 Bd4 30. Qc2 Qg7 31. Bh4 Rd5 32. Rd2 Rh5 0-1

[Event "South Wales New Year Open"]
[Site "Bridgend"]
[Date "2018.01.06"]
[Round "3.9"]
[White "Morgans, Justin"]
[Black "Morcom, Huw"]
[Result "0-1"]
[WhiteElo "1649"]
[BlackElo "1930"]
[PlyCount "56"]
[EventDate "2018.01.06"]
[EventType "swiss"]
[EventRounds "5"]
[EventCountry "WLS"]
[SourceDate "2018.01.06"]

1. e4 c5 2. f4 a6 3. Nf3 d6 4. a4 Nc6 5. Nc3 e6 6. Be2 g6 7. d3 Bg7 8. Be3 Nd4
9. O-O Ne7 10. Kh1 Nec6 11. Bxd4 Nxd4 12. Nd2 O-O 13. a5 d5 14. Bf3 Nb5 15.
Nxb5 axb5 16. c3 dxe4 17. dxe4 Rxa5 18. Nb3 Rxa1 19. Qxa1 b6 20. Qa7 b4 21. Rd1
Qf6 22. Qxb6 bxc3 23. Nxc5 cxb2 24. Nd3 Qd4 25. Qxd4 Bxd4 26. Rb1 Ba6 27. Nb4
Rc8 28. Bd1 Rc1 0-1

[Event "South Wales New Year Open"]
[Site "Bridgend"]
[Date "2018.01.06"]
[Round "3.10"]
[White "Cooke, Suzie G."]
[Black "Jukes, Sam"]
[Result "1-0"]
[WhiteElo "1954"]
[BlackElo "1740"]
[PlyCount "27"]
[EventDate "2018.01.06"]
[EventType "swiss"]
[EventRounds "5"]
[EventCountry "WLS"]
[SourceDate "2018.01.06"]

1. d4 Nf6 2. Bf4 d5 3. e3 e6 4. Bd3 Bd6 5. Bg3 O-O 6. Nf3 b6 7. Nbd2 Bxg3 8.
hxg3 c5 9. c3 Nc6 10. Ne5 Bb7 11. Bxh7+ Kh8 12. Bg6+ Kg8 13. Bxf7+ Rxf7 14. Ng6
1-0

[Event "South Wales New Year Open"]
[Site "Bridgend"]
[Date "2018.01.06"]
[Round "3.11"]
[White "Taylor, Robert Graham"]
[Black "White, Ernest M"]
[Result "0-1"]
[WhiteElo "1927"]
[BlackElo "1824"]
[PlyCount "88"]
[EventDate "2018.01.06"]
[EventType "swiss"]
[EventRounds "5"]
[EventCountry "WLS"]
[SourceDate "2018.01.06"]

1. Nf3 d5 2. b3 c5 3. Bb2 Nc6 4. e3 Nf6 5. Be2 Bf5 6. d3 h6 7. O-O e6 8. Ne5
Be7 9. Nd2 O-O 10. f4 Nxe5 11. fxe5 Nd7 12. c4 Bg5 13. cxd5 Bxe3+ 14. Kh1 Bg6
15. dxe6 fxe6 16. Rxf8+ Qxf8 17. Nc4 Bd4 18. Qd2 b5 19. Bxd4 cxd4 20. Nd6 Nxe5
21. Nxb5 Qc5 22. a4 Rc8 23. Na3 Qc3 24. Qxc3 dxc3 25. d4 c2 26. Rc1 Nd3 27.
Bxd3 Bxd3 28. Kg1 Rc3 29. Kf2 Rxb3 30. Nxc2 Rb2 31. Ke3 Bxc2 32. d5 exd5 33.
Kd4 Bxa4 34. Kxd5 a6 35. Rg1 Bb5 36. h4 h5 37. g4 hxg4 38. Rxg4 Kh7 39. Ke5 a5
40. Kd6 a4 41. Rf4 a3 42. Rf8 a2 43. Ra8 Bc4 44. Kc5 Bg8 0-1

[Event "South Wales New Year Open"]
[Site "Bridgend"]
[Date "2018.01.06"]
[Round "3.12"]
[White "Timmins, Chris P"]
[Black "Robinson, David"]
[Result "1-0"]
[WhiteElo "1822"]
[BlackElo "1925"]
[PlyCount "85"]
[EventDate "2018.01.06"]
[EventType "swiss"]
[EventRounds "5"]
[EventCountry "WLS"]
[SourceDate "2018.01.06"]

1. e4 d5 2. exd5 Qxd5 3. Nc3 Qa5 4. h3 Nf6 5. Nf3 Bf5 6. d3 c6 7. Bd2 Nbd7 8.
g4 Bg6 9. Bg2 e6 10. O-O Qc7 11. Re1 Bd6 12. Qe2 O-O 13. Ne4 Be7 14. Nd4 Nd5
15. Qf3 Qb6 16. Nb3 f5 17. gxf5 Rxf5 18. Qg3 e5 19. c4 Nf4 20. Ba5 Qa6 21. Bc3
Raf8 22. Nbd2 Qb6 23. b4 Qc7 24. a3 Qd8 25. Re3 Bh4 26. Qh2 Nxg2 27. Qxg2 Bxf2+
28. Nxf2 Rxf2 29. Qxf2 Rxf2 30. Kxf2 Qh4+ 31. Kg2 Qg5+ 32. Rg3 Qe7 33. Re1 Qd6
34. Ree3 b5 35. Nf3 bxc4 36. dxc4 Qd1 37. Nxe5 Qc2+ 38. Kf1 Qc1+ 39. Re1 Qf4+
40. Rf3 Bd3+ 41. Kg1 Qg5+ 42. Kh2 Nxe5 43. Rxe5 1-0

[Event "South Wales New Year Open"]
[Site "Bridgend"]
[Date "2018.01.06"]
[Round "3.13"]
[White "Haigh, Tony"]
[Black "Turner, Joseph David"]
[Result "1/2-1/2"]
[WhiteElo "1816"]
[BlackElo "1889"]
[PlyCount "112"]
[EventDate "2018.01.06"]
[EventType "swiss"]
[EventRounds "5"]
[EventCountry "WLS"]
[SourceDate "2018.01.06"]

1. d4 d5 2. Nf3 Nf6 3. c4 e6 4. cxd5 exd5 5. Bg5 c6 6. Qc2 Na6 7. e3 Qa5+ 8.
Nbd2 Nb4 9. Qb1 Ne4 10. a3 Nxg5 11. Nxg5 Na6 12. b4 Qd8 13. Ngf3 Nc7 14. Bd3
Bd6 15. b5 Qe7 16. a4 Ne6 17. O-O h6 18. bxc6 bxc6 19. Qc2 Bd7 20. Rfb1 O-O 21.
Rb7 Nd8 22. Rb2 f5 23. g3 g5 24. Be2 Kh8 25. Nb3 f4 26. exf4 gxf4 27. Nh4 Be8
28. Nf5 Qf6 29. Nxd6 Qxd6 30. Nc5 fxg3 31. fxg3 Qf6 32. Qd2 Qg7 33. Rab1 Bg6
34. Rb8 Bxb1 35. Rxa8 Kh7 36. Bd3+ Bxd3 37. Qxd3+ Kg8 38. Rxd8 Rxd8 39. Ne6 Qf6
40. Nxd8 Qxd8 41. Qg6+ Kf8 42. Qxh6+ Kf7 43. Qh7+ Ke6 44. Qg6+ Kd7 45. Qf7+ Kc8
46. Qxa7 Qg5 47. Qa6+ Kc7 48. Qf1 Qe3+ 49. Qf2 Qb3 50. a5 Qb1+ 51. Qf1 Qb4 52.
Qf7+ Kb8 53. Qg8+ Ka7 54. Qg7+ Ka6 55. Qh8 Qe1+ 56. Kg2 Qe2+ 1/2-1/2

[Event "South Wales New Year Open"]
[Site "Bridgend"]
[Date "2018.01.06"]
[Round "3.14"]
[White "Francis, Matthew"]
[Black "Lewis, David"]
[Result "1/2-1/2"]
[WhiteElo "1706"]
[BlackElo "1691"]
[PlyCount "29"]
[EventDate "2018.01.06"]
[EventType "swiss"]
[EventRounds "5"]
[EventCountry "WLS"]
[SourceDate "2018.01.06"]

1. e4 c5 2. c4 Nc6 3. Nc3 g6 4. g3 Bg7 5. Bg2 d6 6. Nge2 Bg4 7. h3 Bxe2 8. Nxe2
Qb6 9. d3 Nf6 10. O-O O-O 11. Rb1 Nd7 12. Be3 Qc7 13. a3 a5 14. Nc3 Rad8 15.
Qd2 1/2-1/2

[Event "South Wales New Year Open"]
[Site "Bridgend"]
[Date "2018.01.06"]
[Round "3.15"]
[White "Jaberansari, Daniel"]
[Black "Probert, Malcolm"]
[Result "1/2-1/2"]
[WhiteElo "1451"]
[BlackElo "1614"]
[PlyCount "28"]
[EventDate "2018.01.06"]
[EventType "swiss"]
[EventRounds "5"]
[EventCountry "WLS"]
[SourceDate "2018.01.06"]

1. e4 g6 2. d4 Bg7 3. Nc3 c6 4. Bc4 e6 5. Nf3 d5 6. Bd3 Ne7 7. O-O O-O 8. Be3
Nd7 9. Qd2 b6 10. Bh6 Bb7 11. Bxg7 Kxg7 12. exd5 cxd5 13. Rfe1 a6 14. a4 Nc6
1/2-1/2

[Event "South Wales New Year Open"]
[Site "Bridgend"]
[Date "2018.01.07"]
[Round "4.1"]
[White "Bullen, Alex"]
[Black "Blackburn, Jonathan L B"]
[Result "1/2-1/2"]
[WhiteElo "2098"]
[BlackElo "2194"]
[PlyCount "38"]
[EventDate "2018.01.06"]
[EventType "swiss"]
[EventRounds "5"]
[EventCountry "WLS"]
[SourceDate "2018.01.06"]

1. d4 Nf6 2. Nf3 g6 3. Nbd2 c5 4. e3 Bg7 5. Be2 O-O 6. O-O b6 7. c4 Bb7 8. d5
e6 9. e4 exd5 10. cxd5 Re8 11. Bd3 b5 12. Bxb5 Nxe4 13. Nxe4 Rxe4 14. Qc2 Qe7
15. Bd3 Bxd5 16. Bxe4 Qxe4 17. Qxc5 Na6 18. Qd6 Qe6 19. Qa3 Bf8 1/2-1/2

[Event "South Wales New Year Open"]
[Site "Bridgend"]
[Date "2018.01.07"]
[Round "4.2"]
[White "Brown, Thomas"]
[Black "Bevan, Peter M"]
[Result "1-0"]
[WhiteElo "2064"]
[BlackElo "1951"]
[PlyCount "59"]
[EventDate "2018.01.06"]
[EventType "swiss"]
[EventRounds "5"]
[EventCountry "WLS"]
[SourceDate "2018.01.06"]

1. d4 d5 2. c4 c6 3. Nf3 Nf6 4. e3 a6 5. Nc3 Bg4 6. Qb3 Ra7 7. cxd5 Bxf3 8.
gxf3 cxd5 9. Bd2 e6 10. Rg1 g6 11. Bd3 Be7 12. Na4 Nbd7 13. Rc1 O-O 14. Bb4
Bxb4+ 15. Qxb4 Qb8 16. Nb6 Qxh2 17. Nxd7 Nxd7 18. Ke2 Qb8 19. Qe7 b5 20. Qh4
Rc8 21. Rh1 Nf8 22. Rcg1 Qd6 23. Qf6 Qe7 24. Qe5 f6 25. Qh2 Rac7 26. Ra1 Qb4
27. Rhb1 Rc1 28. Rxc1 Qxb2+ 29. Kd1 Rxc1+ 30. Rxc1 1-0

[Event "South Wales New Year Open"]
[Site "Bridgend"]
[Date "2018.01.07"]
[Round "4.3"]
[White "Young, Alan"]
[Black "Kett, Tim"]
[Result "1/2-1/2"]
[WhiteElo "2023"]
[BlackElo "2223"]
[PlyCount "115"]
[EventDate "2018.01.06"]
[EventType "swiss"]
[EventRounds "5"]
[EventCountry "WLS"]
[SourceDate "2018.01.06"]

1. e4 e5 2. Nf3 Nc6 3. Bc4 Nf6 4. d3 Be7 5. O-O d6 6. Bb3 O-O 7. c3 Be6 8. Bc2
d5 9. Nbd2 Re8 10. h3 h6 11. Re1 Bf8 12. Qe2 a6 13. Nf1 g6 14. Ng3 Bg7 15. Be3
Qe7 16. a4 Rad8 17. Rad1 a5 18. Bd2 b6 19. Rb1 Bc8 20. b4 axb4 21. cxb4 dxe4
22. dxe4 Bb7 23. b5 Nd4 24. Nxd4 exd4 25. Qd3 Nd7 26. Bb4 Qg5 27. Bd2 Qf6 28.
a5 Nc5 29. Qc4 d3 30. Bd1 Rd4 31. Qc1 Bxe4 32. Bf3 Qd8 33. Nxe4 Nxe4 34. a6 f5
35. Qc6 Rd6 36. Qc4+ Kh7 37. Bxe4 Rd4 38. Qc6 Rdxe4 39. Rxe4 fxe4 40. Re1 Qa8
41. Qxa8 Rxa8 42. Rxe4 c6 43. Re7 Kg8 44. bxc6 Kf8 45. Rb7 Rxa6 46. Bb4+ Kg8
47. c7 Ra1+ 48. Kh2 Be5+ 49. g3 Ra8 50. f4 Ra2+ 51. Kh1 Bxc7 52. Rxc7 d2 53.
Bxd2 Rxd2 54. Rc6 Kg7 55. Rxb6 h5 56. Re6 Ra2 57. Kg1 Rb2 58. Re1 1/2-1/2

[Event "South Wales New Year Open"]
[Site "Bridgend"]
[Date "2018.01.07"]
[Round "4.4"]
[White "Van Kemenade, Rudy"]
[Black "Morcom, Huw"]
[Result "1-0"]
[WhiteElo "1969"]
[BlackElo "1930"]
[PlyCount "105"]
[EventDate "2018.01.06"]
[EventType "swiss"]
[EventRounds "5"]
[EventCountry "WLS"]
[SourceDate "2018.01.06"]

1. e4 c5 2. Nf3 d6 3. Bb5+ Nd7 4. O-O a6 5. Bd3 Ngf6 6. c3 Qc7 7. Bc2 g6 8. d4
Bg7 9. Re1 O-O 10. h3 e5 11. dxe5 dxe5 12. Bg5 b5 13. a4 Bb7 14. Na3 Bc6 15.
axb5 axb5 16. Qd2 Rfe8 17. Rad1 Qb7 18. Qe2 Bf8 19. Bc1 c4 20. Nb1 Nc5 21. Nbd2
Rad8 22. Qe3 Nd3 23. Bxd3 Rxd3 24. Qg5 Qe7 25. Nf1 Nxe4 26. Qxe7 Rxe7 27. Rxd3
cxd3 28. Re3 Bh6 29. Rxe4 Bxc1 30. Rxe5 Rc7 31. Rc5 Bf4 32. Ne5 Bxe5 33. Rxe5
Kf8 34. Re3 Rd7 35. Nd2 f5 36. f3 f4 37. Re6 Bd5 38. Rf6+ Rf7 39. Rxf7+ Kxf7
40. Kf2 Ke6 41. b3 Ke5 42. Ke1 g5 43. c4 bxc4 44. bxc4 Bc6 45. Nb3 Ba4 46. Nc5
Bc2 47. Kd2 Kd4 48. Ne6+ Kxc4 49. Nxg5 Kd5 50. Nxh7 Ke6 51. Ng5+ Kf5 52. Ne4
Kg6 53. Nf2 1-0

[Event "South Wales New Year Open"]
[Site "Bridgend"]
[Date "2018.01.07"]
[Round "4.5"]
[White "Pleasants, Allan J"]
[Black "Denham, Colin"]
[Result "1-0"]
[WhiteElo "2139"]
[BlackElo "1652"]
[PlyCount "55"]
[EventDate "2018.01.06"]
[EventType "swiss"]
[EventRounds "5"]
[EventCountry "WLS"]
[SourceDate "2018.01.06"]

1. Nf3 Nf6 2. c4 c5 3. g3 b6 4. Bg2 Bb7 5. O-O e6 6. Nc3 Be7 7. b3 O-O 8. Bb2
Na6 9. Rc1 Nc7 10. Qc2 d5 11. cxd5 Ncxd5 12. Rfd1 Nxc3 13. Qxc3 Ne8 14. Qc2 Rc8
15. Ng5 Bxg5 16. Bxb7 Rc7 17. Bg2 Bf6 18. Bxf6 Nxf6 19. d4 Qc8 20. Qc4 Rd8 21.
b4 Rdd7 22. dxc5 Rxd1+ 23. Rxd1 bxc5 24. b5 Nd7 25. Bc6 Ne5 26. Qxc5 Nxc6 27.
bxc6 Rxc6 28. Qxc6 1-0

[Event "South Wales New Year Open"]
[Site "Bridgend"]
[Date "2018.01.07"]
[Round "4.6"]
[White "White, Ernest M"]
[Black "Cooke, Suzie G."]
[Result "1-0"]
[WhiteElo "1824"]
[BlackElo "1954"]
[PlyCount "97"]
[EventDate "2018.01.06"]
[EventType "swiss"]
[EventRounds "5"]
[EventCountry "WLS"]
[SourceDate "2018.01.06"]

1. d4 Nf6 2. Nd2 c5 3. c3 b6 4. e4 cxd4 5. cxd4 Qc7 6. Ngf3 g6 7. e5 Nd5 8. Bc4
Bb7 9. Qb3 e6 10. Ne4 Be7 11. Bh6 Nc6 12. Bxd5 Nxd4 13. Nxd4 Bxd5 14. Nd6+ Bxd6
15. exd6 Qxd6 16. Qc3 Qe5+ 17. Kd2 Qf6 18. Rhe1 Qxf2+ 19. Re2 Qf6 20. Rc1 g5
21. Nf5 Qxc3+ 22. Rxc3 f6 23. Bg7 Rg8 24. Bxf6 Kf7 25. Nh6+ Kxf6 26. Nxg8+ Rxg8
27. Rc7 Bc6 28. Rxa7 Rc8 29. Ra3 Bd5 30. Rh3 Kg6 31. b3 h5 32. Rc3 Rxc3 33.
Kxc3 h4 34. a4 g4 35. b4 Bc6 36. a5 bxa5 37. bxa5 Bb5 38. Rf2 d5 39. g3 hxg3
40. hxg3 e5 41. Kb4 Bd3 42. Kc5 Bc4 43. Rf8 e4 44. Kd4 Kg7 45. Rf4 Be2 46. Kxd5
Bf3 47. Kd4 Kg6 48. a6 Kg5 49. a7 1-0

[Event "South Wales New Year Open"]
[Site "Bridgend"]
[Date "2018.01.07"]
[Round "4.7"]
[White "Stuart, Neil"]
[Black "Waterfield, John W"]
[Result "0-1"]
[WhiteElo "1740"]
[BlackElo "1925"]
[PlyCount "92"]
[EventDate "2018.01.06"]
[EventType "swiss"]
[EventRounds "5"]
[EventCountry "WLS"]
[SourceDate "2018.01.06"]

1. d4 Nf6 2. Nf3 c5 3. c4 cxd4 4. Nxd4 e5 5. Nc2 d5 6. cxd5 Qxd5 7. Nc3 Qxd1+
8. Nxd1 Be7 9. g3 Bf5 10. Nce3 Be4 11. Bg2 Bxg2 12. Nxg2 Bb4+ 13. Nc3 Ne4 14.
Bd2 Bxc3 15. Bxc3 Nxc3 16. bxc3 Nc6 17. O-O Ke7 18. Rab1 b6 19. Ne3 Rhd8 20.
Rfd1 Ke6 21. Kf1 f5 22. c4 Rxd1+ 23. Rxd1 Rc8 24. f4 Nb4 25. fxe5 Kxe5 26. a3
Ke4 27. Kf2 Na6 28. Rd5 g6 29. Rd6 Rc7 30. h4 Rf7 31. Ng2 Ke5 32. Rd5+ Kf6 33.
Kf3 Rc7 34. Ne3 Ke6 35. Kf4 Rxc4+ 36. Nxc4 Kxd5 37. Ne5 Nc5 38. Nf3 Ne4 39. g4
fxg4 40. Kxg4 b5 41. Ng5 a5 42. Kf3 Nxg5+ 43. hxg5 b4 44. axb4 axb4 45. Ke3 Kc4
46. Kd2 Kd4 0-1

[Event "South Wales New Year Open"]
[Site "Bridgend"]
[Date "2018.01.07"]
[Round "4.8"]
[White "Sivarajasingam, Venetia"]
[Black "Parry, Matthew"]
[Result "1-0"]
[WhiteElo "1731"]
[BlackElo "1903"]
[PlyCount "79"]
[EventDate "2018.01.06"]
[EventType "swiss"]
[EventRounds "5"]
[EventCountry "WLS"]
[SourceDate "2018.01.06"]

1. e4 Nf6 2. e5 Nd5 3. d4 Nb6 4. a4 a5 5. Nf3 d6 6. Bb5+ c6 7. Bd3 Bg4 8. Nc3
dxe5 9. dxe5 N8d7 10. Bf4 Nc5 11. O-O Nd5 12. Nxd5 Qxd5 13. Be2 Qxd1 14. Rfxd1
Ne6 15. Bg3 g5 16. Rd2 Bg7 17. Nxg5 Bxe2 18. Nxe6 fxe6 19. Rxe2 h5 20. h4 O-O-O
21. Bf4 Rd5 22. Re4 Bh6 23. Bxh6 Rxh6 24. Rae1 Rh8 25. f3 Kd7 26. R4e3 Ke8 27.
Kh2 Kf7 28. Kh3 Kg6 29. g4 b5 30. Rc3 c5 31. axb5 Rb8 32. Rc4 Rxb5 33. gxh5+
Kxh5 34. Rg4 Rxb2 35. Rg5+ Kh6 36. Reg1 Rb8 37. Rg6+ Kh7 38. Rg7+ Kh8 39. R7g5
a4 40. Rh5# 1-0

[Event "South Wales New Year Open"]
[Site "Bridgend"]
[Date "2018.01.07"]
[Round "4.9"]
[White "Turner, Joseph David"]
[Black "Jukes, Sam"]
[Result "1/2-1/2"]
[WhiteElo "1889"]
[BlackElo "1740"]
[PlyCount "51"]
[EventDate "2018.01.06"]
[EventType "swiss"]
[EventRounds "5"]
[EventCountry "WLS"]
[SourceDate "2018.01.06"]

1. e4 e5 2. f4 exf4 3. Bc4 Ne7 4. Nc3 Ng6 5. Nf3 Be7 6. O-O c5 7. Nd5 Nc6 8. d3
O-O 9. Bxf4 Nxf4 10. Nxf4 d6 11. c3 Ne5 12. Nxe5 dxe5 13. Nd5 Be6 14. Qb3 Rb8
15. a4 Kh8 16. Rf3 b6 17. Raf1 h6 18. Nxe7 Qxe7 19. Bxe6 fxe6 20. Rxf8+ Rxf8
21. Rxf8+ Qxf8 22. Qxe6 Qd8 23. Qxe5 Qxd3 24. h4 Qb1+ 25. Kh2 Qxb2 26. h5
1/2-1/2

[Event "South Wales New Year Open"]
[Site "Bridgend"]
[Date "2018.01.07"]
[Round "4.10"]
[White "Morgans, Justin"]
[Black "Howells, Chris"]
[Result "0-1"]
[WhiteElo "1649"]
[BlackElo "1860"]
[PlyCount "90"]
[EventDate "2018.01.06"]
[EventType "swiss"]
[EventRounds "5"]
[EventCountry "WLS"]
[SourceDate "2018.01.06"]

1. e4 e5 2. Nc3 Nf6 3. f4 d5 4. exd5 Nxd5 5. fxe5 Nxc3 6. dxc3 Qh4+ 7. Kd2 Qf4+
8. Ke1 Qxe5+ 9. Qe2 Bd6 10. Qxe5+ Bxe5 11. Nf3 Bf6 12. Bf4 c6 13. Bd6 Be7 14.
Rd1 Nd7 15. Bxe7 Kxe7 16. Bd3 Nf6 17. h3 Be6 18. c4 Rad8 19. Ke2 h6 20. Rhe1
Rhe8 21. b3 Kf8 22. Kf2 Bc8 23. Rxe8+ Rxe8 24. Re1 Rxe1 25. Kxe1 Ke7 26. Nd4 g6
27. Ke2 Nd7 28. Ke3 Nc5 29. Kf4 Ne6+ 30. Nxe6 Kxe6 31. g4 Bd7 32. Be4 g5+ 33.
Ke3 Ke5 34. c3 f5 35. Bf3 fxg4 36. Bxg4 Be6 37. Bxe6 Kxe6 38. Ke4 h5 39. c5 Kf6
40. c4 Ke6 41. a4 Kf6 42. a5 a6 43. b4 Ke6 44. Kd4 Kf5 45. Ke3 Ke5 0-1